| 000 | 00735nam a2200277 a 4500 | ||
|---|---|---|---|
| 999 |
_c5109 _d5109 |
||
| 001 | 5109 | ||
| 003 | BD-JhCC | ||
| 005 | 20221107134024.0 | ||
| 008 | 171209s1988 nyua 001 0 eng d | ||
| 020 | _a002341460X | ||
| 035 | _a(BD-JhCC)5109 | ||
| 040 |
_aDLC _cDLC _dBD-JhCC |
||
| 041 | _aeng | ||
| 050 | 0 | 0 |
_aPE1408 _b.G485 1988 |
| 082 | 0 | 0 |
_a808/.042 _219 _bGER 1988 |
| 100 | 1 |
_aGere, Anne Ruggles, _d1944- |
|
| 245 | 1 | 0 |
_aWriting and learning / _cAnne Ruggles Gere. |
| 250 | _a2nd ed. | ||
| 260 |
_aNew York : _bMacmillan, _cc1988. |
||
| 300 |
_axx, 472 p. : _bill. ; _c24 cm. |
||
| 500 | _aIncludes indexes. | ||
| 650 | 0 |
_aEnglish language _xRhetoric. |
|
| 650 | 0 | _aReport writing. | |
| 942 |
_2ddc _cBK _01 |
||